Crime in tribal setting / (Record no. 123127)

MARC details
000 -LEADER
fixed length control field 00710nam a22002417a 4500
005 - DATE AND TIME OF LATEST TRANSACTION
control field 20170124105920.0
010 ## - LIBRARY OF CONGRESS CONTROL NUMBER
LC control number A-100000
020 ## - INTERNATIONAL STANDARD BOOK NUMBER
Terms of availability 00
International Standard Book Number 8186398368
035 ## - SYSTEM CONTROL NUMBER
System control number A-100000
037 ## - SOURCE OF ACQUISITION
Source of stock number/acquisition Cen Lib/Ret
040 ## - CATALOGING SOURCE
Original cataloging agency DPL
Language of cataloging EN
082 ## - DEWEY DECIMAL CLASSIFICATION NUMBER
Classification number 307.772
Item number SIN
100 ## - MAIN ENTRY--PERSONAL NAME
Personal name Singh, R.A.P.
9 (RLIN) 4274
245 ## - TITLE STATEMENT
Title Crime in tribal setting /
Statement of responsibility, etc by Chandreshwar Prasad Singh
246 ## - VARYING FORM OF TITLE
Remainder of title
260 ## - PUBLICATION, DISTRIBUTION, ETC. (IMPRINT)
Name of publisher, distributor, etc Research Publications
Date of publication, distribution, etc 1999
Place of publication, distribution, etc Jaipur
270 ## - ADDRESS
City Jaipur
Address 89, Tripolia Bazar
300 ## - PHYSICAL DESCRIPTION
Extent 152p.
Dimensions 21cm(Hb)
500 ## - GENERAL NOTE
General note Includes Bibliographical references
650 ## - SUBJECT ADDED ENTRY--TOPICAL TERM
Topical term or geographic name as entry element Social Sciences
9 (RLIN) 113739
650 ## - SUBJECT ADDED ENTRY--TOPICAL TERM
Topical term or geographic name as entry element Change Perception
General subdivision Tribal
9 (RLIN) 4276
942 ## - ADDED ENTRY ELEMENTS (KOHA)
Source of classification or shelving scheme Dewey Decimal Classification
Koha item type English Books
Classification part 307.772
Call number suffix SIN
Holdings
Withdrawn status Lost status Damaged status Not for loan Home library Current library Date acquired Source of acquisition Cost, normal purchase price Total Checkouts Full call number Barcode Date last seen Date checked out Copy number Cost, replacement price Price effective from Koha item type
        Central Library Central Library 02/06/2015 Cen Lib/Ret 0.00 1 307.772 SIN A-100000 11/08/2018 23/06/2018 1 0.00 15/09/2016 English Books

© Delhi Public Library
Hit Counter
free hit counter